Ceny na trzích kapitalistických států a devizové kursy roční rekapitulace

Salvato in:
Dettagli Bibliografici
Natura: Libro
Lingua:ceco
Pubblicazione: Praha Výzkumný ústav pro zahraniční obchod 1982
Tags: Aggiungi Tag
Nessun Tag, puoi essere il primo ad aggiungerne!!

MARC

LEADER 00000nam a2200000 4500
001 c128526
005 20041019155243.8
041 0 |a cze 
044 |a CZ 
245 1 0 |a Ceny na trzích kapitalistických států a devizové kursy  |b roční rekapitulace 
264 1 |a Praha  |b Výzkumný ústav pro zahraniční obchod  |c 1982 
300 |a 63 s.